000 00612nam a2200229Ia 4500
005 20241129120148.0
008 241129s9999||||xx |||||||||||||| ||und||
020 _a9789356063600
037 _aTB
040 _aSDCL
_beng
_cSDCL
041 _aeng
_2eng
084 _aD6,8(B),277, R2
_qSDCL
100 _aTanenbaum Andrew S.; Feamster Nick; Wetherall David J.
_9729305
245 0 _aComputer networks
250 _a6th
260 _aNoida
_bPearson
_c2022
300 _axxii,920p.
365 _aINR
_b895
650 _aI I C
942 _cTB
_hD6,8(B),277, R2
999 _c1233613
_d1233613